000 01365nam a2200301 4500
001 0000017478
003 CO-CtgCURN
005 20250515221052.0
007 ta
008 160627s2000 000 0 eng d
020 _a9586760243
040 _aCO-CtgCURN
_bspa
_ccoctgcurn
082 0 _a347.05
_bJ28c
100 1 _aJaramillo Castañeda, Armando.
245 1 0 _aCódigo de procedimiento civil comentado :
_bdecretos 1400, 2019 y 2282 (6 de agosto y 26 de octubre de 1970, 7 de octubre de 1989) con jurisprudencia de todos los tribunales del pais /
_cArmando Jaramillo Castañeda.
250 _a3a ed.
260 _aBogotá :
_bEdiciones Doctrina y Ley,
_c2000.
300 _axvi, 2031 p.
336 _2rdacontent
337 _2rdamedia
_asin mediacion
_bn
338 _2rdacarrier
_avolumen
_bnc
505 8 _aOrganos judiciales y sus auxiliares.--Jurisdicción y competencia.--Comision.--De los deberes, poderes y responsabilidad de los jueces civiles.--Ministerio publico.--Partes, representantes y apoderados.--Actos procesales.--Objeto del proceso.--Terminos
650 1 4 _aCódigo de procedimiento civil.
730 0 _aDecretos 1400, 2019 y 2282 (6 de agosto y 26 de octubre de 1970, 7 de octubre de 1989.
908 _a160627
942 _cBK
_h347.05
_iJ28c
_2ddc
_n0
999 _c20444
_d20444